Zákon Národnej rady Slovenskej republiky č. 87/1994 Z.z. z 23. marca 1994 o cestnej dani ...
Úplné znenie zákona Národnej rady Slovenskej republiky č. 87/1994 Z.z. z 23. marca 1994 o cestnej dani v znení neskorších zákonov a zákona č. .../1999 Z.z. Zákon upravuje zdanenie využívania pozemných komunikácií motorovými vozidlami a prípojnými vozidlami cestnou daňou, pôsobnosť orgánov štátnej sp...
Guardado en:
| Formato: | Capítulo de libro |
|---|---|
| Lenguaje: | eslovaco |
| Materias: | |
| Etiquetas: |
Sin Etiquetas, Sea el primero en etiquetar este registro!
|
MARC
| LEADER | 00000naa a2200000 4500 | ||
|---|---|---|---|
| 001 | r036787 | ||
| 005 | 20230926082054.4 | ||
| 041 | 0 | |a slo | |
| 044 | |a SK | ||
| 245 | 1 | 0 | |a Zákon Národnej rady Slovenskej republiky č. 87/1994 Z.z. z 23. marca 1994 o cestnej dani ... |
| 520 | |a Úplné znenie zákona Národnej rady Slovenskej republiky č. 87/1994 Z.z. z 23. marca 1994 o cestnej dani v znení neskorších zákonov a zákona č. .../1999 Z.z. Zákon upravuje zdanenie využívania pozemných komunikácií motorovými vozidlami a prípojnými vozidlami cestnou daňou, pôsobnosť orgánov štátnej správy, práva a povinnosti fyzických a právnických osôb. | ||
| 610 | 2 | 0 | |a dane cestné |
| 610 | 2 | 0 | |a poplatky |
| 610 | 2 | 0 | |a zákony |
| 610 | 2 | 0 | |a novelizácia |
| 610 | 2 | 0 | |a Slovensko |
| 610 | 2 | 0 | |a 1994-1999 |
| 610 | 2 | 0 | |a automobily |